Podoba a vlastnosti faktorů produkční funkce

Vlastnosti faktorov produkčnej funkcie. Produkčné faktory a štruktúra statkov. Produkčné faktory a štruktúra rezerv. Produkčné faktory a štruktúra trhu.

Na minha lista:
Detalhes bibliográficos
Autor principal: Řezník, J.
Formato: Capítulo de Livro
Idioma:tcheco
Assuntos:
Tags: Adicionar Tag
Sem tags, seja o primeiro a adicionar uma tag!

MARC

LEADER 00000naa a2200000 4500
001 r026700
005 20230912090208.9
041 0 |a cze 
044 |a CZ 
245 1 0 |a Podoba a vlastnosti faktorů produkční funkce  |c J. Řezník 
520 |a Vlastnosti faktorov produkčnej funkcie. Produkčné faktory a štruktúra statkov. Produkčné faktory a štruktúra rezerv. Produkčné faktory a štruktúra trhu. 
610 2 0 |a funkcie produkčné 
610 2 0 |a statky verejné 
610 2 0 |a rezervy 
610 2 0 |a trh 
100 1 |a Řezník, J.